00202nam a2200085Ia 4500008004100000100002400041245002500065260001700090260000900107180219s9999 xx 000 0 und d aBhatnagar And Gupta 0aEducation Management aR Lal Meerut c2009